| 000 -LEADER |
| fixed length control field |
01294cam a2200337 a 4500 |
| 001 - CONTROL NUMBER |
| control field |
(Sirsi) a600400 |
| 003 - CONTROL NUMBER IDENTIFIER |
| control field |
OSt |
| 005 - DATE AND TIME OF LATEST TRANSACTION |
| control field |
20191220090623.0 |
| 008 - FIXED-LENGTH DATA ELEMENTS--GENERAL INFORMATION |
| fixed length control field |
091221s2009 nyua c 000 1 eng d |
| 020 ## - INTERNATIONAL STANDARD BOOK NUMBER |
| International Standard Book Number |
031604086X (hard) : |
| 020 ## - INTERNATIONAL STANDARD BOOK NUMBER |
| International Standard Book Number |
9780316040860 (hard) : |
| 040 ## - CATALOGING SOURCE |
| Original cataloging agency |
BTCTA |
| Transcribing agency |
BTCTA |
| Modifying agency |
CXP |
| -- |
TAE |
| 041 0# - LANGUAGE CODE |
| Language code of text/sound track or separate title |
eng |
| 042 ## - AUTHENTICATION CODE |
| Authentication code |
nbic |
| 082 ## - DEWEY DECIMAL CLASSIFICATION NUMBER |
| Classification number |
FIC BOS |
| 100 1# - MAIN ENTRY--PERSONAL NAME |
| Personal name |
Bosch, Pseudonymous. |
| Relator term |
author |
| 245 10 - TITLE STATEMENT |
| Title |
This book is not good for you / |
| Statement of responsibility, etc. |
Pseudonymous Bosch ; illustrations by Gilbert Ford. |
| 250 ## - EDITION STATEMENT |
| Edition statement |
1st ed. |
| 260 ## - PUBLICATION, DISTRIBUTION, ETC. |
| Place of publication, distribution, etc. |
New York : |
| Name of publisher, distributor, etc. |
Little, Brown and Co., |
| Date of publication, distribution, etc. |
c2009. |
| 300 ## - PHYSICAL DESCRIPTION |
| Extent |
394 p. : |
| Other physical details |
ill. ; |
| Dimensions |
20 cm. |
| 490 0# - SERIES STATEMENT |
| Series statement |
Secret series ; |
| Volume/sequential designation |
bk. 3. |
| 500 ## - GENERAL NOTE |
| General note |
Sequel to: If you're reading this, it's too late. |
| 520 ## - SUMMARY, ETC. |
| Summary, etc. |
In this tooth-rotting adventure, Cass's mom has been kidnapped by the evil dessert chef and chocolatier, Se or Hugo! The ransom...the legendary tuning fork. Can Cass and Max-Ernest find the magical instrument before it's too late? Will they discover the evil secret ingredient to Se or Hugo's chocolate success? |
| 521 1# - TARGET AUDIENCE NOTE |
| Target audience note |
9-12. |
| 650 #1 - SUBJECT ADDED ENTRY--TOPICAL TERM |
| Topical term or geographic name entry element |
Magic |
| Form subdivision |
Fiction. |
| 650 #1 - SUBJECT ADDED ENTRY--TOPICAL TERM |
| Topical term or geographic name entry element |
Immortality |
| Form subdivision |
Fiction. |
| 650 #1 - SUBJECT ADDED ENTRY--TOPICAL TERM |
| Topical term or geographic name entry element |
Chocolate |
| Form subdivision |
Fiction. |
| 655 #0 - INDEX TERM--GENRE/FORM |
| Genre/form data or focus term |
Adventure fiction. |
| 700 1# - ADDED ENTRY--PERSONAL NAME |
| Personal name |
Ford, Gilbert, |
| Relator term |
illustrator |
| 942 ## - ADDED ENTRY ELEMENTS (KOHA) |
| Source of classification or shelving scheme |
|
| Koha item type |
Books - Fiction |